Verejnoprospešné práce môžu začať prínos práce nezamestnaných pre mestá a obce je nezanedbateľný

Bibliographic Details
Main Author: Potančok, Miro (Author)
Format: Article
Language:Slovak
Subjects:

MARC

LEADER 00000nab a2200000 a 4500
001 vtls000747770
003 SK-MaSNL
005 20260305042630.0
008 180205c2001 xo 0 slo
015 |a SNBRB2001/02-03026 
035 |a CLN000099599 
040 |a SNKBUCL  |b slo  |c SNKBUCL  |e AACR2 
041 0 |a slo 
044 |a xo  |c SK 
080 |a 331.5(437.6):351.712  |2 UDC-MRF-SK2 
080 |a 351.712  |2 UDC-MRF-SK2 
100 1 |a Potančok, Miro  |4 aut  |9 841272 
245 1 0 |a Verejnoprospešné práce môžu začať  |b prínos práce nezamestnaných pre mestá a obce je nezanedbateľný  |c Miro Potančok 
650 0 7 |a verejnoprospešné práce  |2 snkbucl  |9 2334 
655 7 |a články z novín a časopisov  |2 snkbucl  |9 267496 
773 0 |t Obecné noviny  |g Roč. 11, č. 5 (2001), s. 6-7 
850 |a Slovenská národná knižnica v Martine 
852 |a SNK  |b KIS3GCP 
958 |a RBX 
999 |c 3350316  |d 3352246